Zákulisie detskej ríše divov Rozhovor s generálnym sekretárom BIB-u dr. Dušanom Rollom

Bibliographic Details
Main Authors: Roll, Dušan, 1928-2021 (Author), Čierna, Miroslava (Author)
Format: Article
Language:Slovak
PhysicalDescription:Obr. 9.
Subjects:

MARC

LEADER 00000nab a2200000 a 4500
001 vtls000223204
003 SK-MaSNL
005 20260305015732.0
008 250422c1985 xo 0 slo
015 |a SNBRB19rr/mm-uuuuu 
035 |a CL0233318 
035 |a urn:nbn:sk:snk-ab5xn 
035 |a (urnnbn)urn:nbn:sk:snk:ar-0053ja 
035 |a (uuid)940b24cf-6fd8-4214-bba3-4da66f8772b6 
040 |a SNKBUCL  |b slo  |c SNKBUCL  |e AACR2 
041 0 |a slo 
044 |a xo  |c SK 
080 |a 76:087.5  |2 1981 
080 |a 087.5  |2 1981 
100 1 |a Roll, Dušan,  |d 1928-2021  |4 aut  |9 119138 
245 1 0 |a Zákulisie detskej ríše divov  |b Rozhovor s generálnym sekretárom BIB-u dr. Dušanom Rollom  |c Dušan Roll, Miroslava Čierna 
300 |b Obr. 9. 
611 2 7 |a Bienále ilustrácií Bratislava  |2 snkbucl  |9 32022 
655 7 |a články z novín a časopisov  |2 snkbucl  |9 267496 
700 1 |a Čierna, Miroslava  |4 aut  |9 5202 
773 0 |t Výtvarný život  |g Roč. 30, č. 8 (1985), s. 41-42 
850 |a Slovenská národná knižnica 
852 |a Slovenská národná knižnica 
954 |a odborná, vedecká literatúra pôvodná (slovenská)  |2 lita 
957 |a 5100 
958 |a article27 
958 |a RK 
958 |a OND 
958 |a EUIPO 
992 |a RBX 
999 |c 3276821  |d 3278751